100 Very Important Last Names of History - Statistics

General Stats
  • This quiz has been taken 1,279 times
  • The average score is 72 of 100
Answer Stats
First Name Last Name Keyword(s) % Correct
Adolf Hitler Holocaust
99%
Abraham Lincoln Emancipation
99%
Albert Einstein E=mc2
98%
Anne Frank Holocaust, Amsterdam
97%
Barack Obama Afroamerican
97%
Christopher Columbus Discovered America
95%
Neil Armstrong 1st on moon
94%
Michael Jackson „King of Pop“
94%
Marilyn Monroe Sex symbol
94%
Elvis Presley „the King“, Tupelo
94%
Vladimir Putin Russian President
94%
George Washington 1st President
94%
Fidel Castro Cuba
93%
Charles Darwin Evolution
93%
Walt Disney Mickey Mouse
93%
Steve Jobs Apple
93%
Karl Marx Communist Manifesto
93%
Winston Churchill Britain, WWII
92%
John Lennon Beatles
92%
Nelson Mandela Ended Apartheid
92%
Donald Trump Wall
92%
Genghis Khan Mongol
91%
Elon Musk Tesla Motors
91%
Napoleon Bonaparte Waterloo
90%
Julius Caesar Conquered Gaul
90%
Thomas Edison Light bulb
90%
Marie Curie Nobel Prize
89%
Leonardo da Vinci Universial Genius
89%
Leonardo diCaprio Titanic, Inception
89%
Sigmund Freud Psychoanalysis
89%
Isaac Newton Apple
89%
Margaret Thatcher Iron Lady
89%
Oprah Winfrey Talk show
89%
Rosa Parks Bus boycott
88%
Vincent van Gogh Dutch painter
87%
Henry Ford Model T
86%
LeBron James Cavs
86%
Jong-un Kim North Korea
86%
Marco Polo Venetian trader
86%
William Shakespeare Hamlet, Othello
86%
Coco Chanel No. 5
85%
Martin Luther Reformation
84%
Wolfgang Mozart Magic Flute
84%
Ludwig van Beethoven Für Elise
84%
Mohandas Gandhi Non-violence
83%
Angela Merkel German chancellor
82%
Mark Twain Huckleberry Finn
82%
Nikola Tesla Alternating current (AC)
81%
Dwight Eisenhower Supreme Comander
80%
Babe Ruth Baseball records
80%
Amelia Earhart Aviatrix
79%
Zedong Mao Cultural Revolution
79%
Pablo Picasso Guernica
77%
Roger Federer Tennis, Switzerland
75%
Pablo Escobar Drugs
74%
Vladimir Lenin Soviet Russia
73%
Simón Bolívar Libertador, Bolivia
72%
Cassius Clay Muhammad Ali
72%
Oscar Wilde Dorian Gray
71%
James Cook Discovered Hawaii
70%
Galileo Galilei Heliocentrism
70%
Ernest Hemingway Key West
70%
Oliver Cromwell Lord Protector
68%
Johannes Gutenberg Printing press
67%
Mary Shelley Frankenstein
67%
Otto von Bismarck German Empire
66%
Alexander Fleming Penicillin
65%
Vasco da Gama Sea route, India
63%
Eva Perón Evita
63%
Robert Oppenheimer Atomic bomb
62%
Jesse Owens 1936 Olympics
62%
Leif Erikson Viking
60%
Michail Gorbachev Glasnost, Perestroika
60%
Louis Pasteur Microbial fermentation
60%
Immanuel Kant Enlightenment
59%
Diego Maradona „Hand of God“
58%
Clark Gable „King of Hollywood“
57%
Edmund Hillary Mount Everest
57%
Hernán Cortés Spanisch colonization
54%
Friedrich Engels Communist Manifesto
53%
John Kennedy Berliner
53%
Niccolò Machiavelli The Prince
47%
Jean-Jacques Rousseau philosopher, enlightened
46%
Friedrich Nietzsche God is dead
44%
Meriwether Lewis Oregon Expedition
43%
Marcus Aurelius Statue, Capitoline Hill
41%
James Watt Steam engine
41%
Wayne Gretzky Edmonton Oilers
39%
Dante Alighieri Divine Comedy
35%
Lech Wałęsa Solidarność
35%
Antoni Gaudi Sagrada Familia
34%
Jawaharlal Nehru Prime Minister of India
34%
Justin Trudeau Gender equality
34%
John Locke Father of Liberalism
31%
Xiaoping Deng Market-economic reforms
27%
Hideki Tojo Japan, WWII
27%
Thomas Hobbes Leviathan
26%
Wilhelm Röntgen X-rays
25%
Carl Gauss Mathematics, algebra
12%
Alexander von Humboldt Prussian geographer
10%
No matching quizzes found
Score Distribution
Percent of People with Each Score
Percentile by Number Answered
Your Score History
You have not taken this quiz